000
00253nam a22001217a 4500
020
_a
81-7654-034-X
082
_a
823
_b
DAV/P
100
_a
DAVIES, GILL
245
_a
PINOCCHIO
260
_a
UK
_b
LADYBIRD
650
_a
ENGLISH SHORT STORY
_z
UK
942
_c
BK
999
_c
4470
_d
4470